000 00589nam a2200157Ia 4500
008 151213s9999 xx 000 0 und d
020 _a984-8099-04-02
100 _aজুবাইদা গুলশান আরা।
245 _aকি লিখেছো তরবারি তুমি
_cজুবাইদা গুলশান আরা।
260 _aঢাকা
_bসরদার প্রকাশনী।
_c1992
300 _a8460 p.
650 _aBangla
650 _aBengali Literature
700 _aজুবাইদা গুলশান আরা।
999 _c4298
_d4298